000 00816nam a22002297a 4500
001 4294
003 FISKH
005 20250813133341.0
008 240715b cb ||||| |||| 00| 0 eng d
020 _a9780439847599
040 _aFISKH
_beng
_cFISKH
_dFISKH
050 _aPZ7
082 _a930
100 _aWilby, Emma
245 _aIt all began here /
_cby Emma Wilby
260 _aNew York :
_bScholastic,
_c2006.
300 _a24 pages ;
_bcolor illustrations ;
_c15 × 19 cm
520 _aIn this book, you will find out all kind of fascinating things about how people lived thousands of years ago: the games they played their writing, their bathrooms, and the ingenious things they invented to make their lives easier.
650 _aHistory
_vGeography
_xTravel
942 _2ddc
_cBK
_n0
999 _c4294
_d4294